CRIMINAL MANNUAL (Record no. 1208675)

MARC details
000 -LEADER
fixed length control field 00500nam a22001937a 4500
008 - FIXED-LENGTH DATA ELEMENTS--GENERAL INFORMATION
fixed length control field 250212b |||||||| |||| 00| 0 eng d
020 ## - INTERNATIONAL STANDARD BOOK NUMBER
International Standard Book Number 978-81-19725-10-6
041 ## - LANGUAGE CODE
Language code of text/sound track or separate title ENGLISH
082 ## - DEWEY DECIMAL CLASSIFICATION NUMBER
Item number NLS-PL-2457
Classification number 364/GAU
100 ## - MAIN ENTRY--PERSONAL NAME
Personal name GAUR K.D.
245 ## - TITLE STATEMENT
Title CRIMINAL MANNUAL
250 ## - EDITION STATEMENT
Edition statement 5TH ED 2025
260 ## - PUBLICATION, DISTRIBUTION, ETC. (IMPRINT)
Place of publication, distribution, etc DELHI
Name of publisher, distributor, etc WHITESMANN THAKKAR LAW HOUSE DELHI 121-122
Date of publication, distribution, etc 2025
300 ## - PHYSICAL DESCRIPTION
Extent 1-152
365 ## - TRADE PRICE
Price type code 1099
Price amount 1099
440 ## - SERIES STATEMENT/ADDED ENTRY--TITLE
Title CRIMINAL MANNUAL
600 ## - SUBJECT ADDED ENTRY--PERSONAL NAME
Personal name CRIMINAL MANNUAL
942 ## - ADDED ENTRY ELEMENTS (KOHA)
Item type Book

No items available.